[Event "Bird's Opening Thematic!"]
[Site "SchemingMind.com"]
[Date "2018.04.09"]
[Round "-"]
[White "Nirvana"]
[Black "Johnny Owens"]
[Result "0-1"]
[WhiteCountry "ALG"]
[BlackCountry "USA"]
[WhiteElo "1146"]
[WhiteRD "89"]
[BlackElo "2197"]
[BlackRD "64"]
[GameID "426827"]

1. f4 d5 2. Nf3 Nf6 3. e3 g6 4. d4 Bg7 5. Nc3 c5 6. Bb5+ Bd7 7. Bxd7+ Nbxd7 8. O-O Rc8 9. dxc5 Nxc5 10. a3 O-O
11. Nb5 a6 12. Nbd4 Re8 13. b4 Na4 14. Bd2 Ne4 15. Be1 e6 16. c4 Nb2 17. Qb3 Nxc4
0-1

[Event "Bird's Opening Thematic!"]
[Site "SchemingMind.com"]
[Date "2018.04.09"]
[Round "-"]
[White "Johnny Owens"]
[Black "Nirvana"]
[Result "1-0"]
[WhiteCountry "USA"]
[BlackCountry "ALG"]
[WhiteElo "2197"]
[WhiteRD "64"]
[BlackElo "1146"]
[BlackRD "89"]
[GameID "426828"]

1. f4 c5 2. Nf3 Nc6 3. e4 d6 4. Bb5 Bd7 5. Nc3 Nf6 6. e5 Ng4 7. d3 Qb6 8. h3 Nh6 9. Nd5 Qa5+ 10. Bd2 Qd8
11. exd6 exd6 12. Qe2+ Be7 13. O-O-O O-O 14. Bxc6 Bxc6 15. Nxe7+ Kh8 16. Nxc6 bxc6 17. Qf2 f6 18. g4
1-0

[Event "Bird's Opening Thematic!"]
[Site "SchemingMind.com"]
[Date "2018.04.12"]
[Round "-"]
[White "Shanks"]
[Black "Nirvana"]
[Result "1/2-1/2"]
[WhiteCountry "ENG"]
[BlackCountry "ALG"]
[WhiteElo "1360"]
[WhiteRD "70"]
[BlackElo "1326"]
[BlackRD "118"]
[GameID "426917"]

1. f4 c5 2. Nf3 Nc6 3. e3 d5 4. Nc3 Bg4 5. Be2 g6 6. O-O Bg7 7. Ne1 Bxe2 8. Nxe2 Nf6 9. Nd3 O-O 10. Ng3 e6
11. Nxc5 Qb6 12. Nd3 Qd8 13. a3 Re8 14. Ne1 Qb6 15. Kh1 h6 16. Nf3 Nd7 17. c3 Bf6 18. d4 Qc7 19. Rb1 Bg7 20. b4 a6
21. a4 Ne7 22. a5 Qxc3 23. Bd2 Qc6 24. Rc1 Qd6 25. Bc3 Nf5 26. Nxf5 exf5 27. Qe1 Qe6 28. Bd2 b6 29. axb6 Nxb6 30. Ng1 Nc4
31. Rc2 Nxd2 32. Rxd2 Rab8 33. Re2 Qd6 34. Nf3 Qxb4 35. Qf2 a5 36. Nd2 a4 37. h3 a3 38. Nf3 Qc4 39. Nd2 Qd3 40. Nf3 g5=
1/2-1/2

[Event "Bird's Opening Thematic!"]
[Site "SchemingMind.com"]
[Date "2018.04.13"]
[Round "-"]
[White "Nirvana"]
[Black "Shanks"]
[Result "1-0"]
[WhiteCountry "ALG"]
[BlackCountry "ENG"]
[WhiteElo "1355"]
[WhiteRD "130"]
[BlackElo "1355"]
[BlackRD "69"]
[GameID "426918"]

1. f4 d5 2. Nf3 e6 3. e3 a6 4. b3 Nc6 5. Bb2 f5 6. Bd3 Nb4 7. Qe2 Nxd3+ 8. Qxd3 Ne7 9. Nc3 Nc6 10. O-O-O Nb4
11. Qe2 a5 12. Ne5 Bd6 13. a3 O-O 14. axb4 axb4 15. Nb5 Bc5 16. g4 fxg4 17. Qxg4 c6 18. Nd4 Bd6 19. Nxe6 Bxe6 20. Qg3 Be7
21. Nxc6 bxc6 22. Qxg7#
1-0

[Event "Bird's Opening Thematic!"]
[Site "SchemingMind.com"]
[Date "2018.04.12"]
[Round "-"]
[White "Shanks"]
[Black "Johnny Owens"]
[Result "0-1"]
[WhiteCountry "ENG"]
[BlackCountry "USA"]
[WhiteElo "1360"]
[WhiteRD "70"]
[BlackElo "2110"]
[BlackRD "69"]
[GameID "426919"]

1. f4 d5 2. e3 Nf6 3. d3 c5 4. Nd2 Nc6 5. Ngf3 Qc7 6. Nb3 e6 7. Be2 Bd6 8. O-O e5 9. fxe5 Nxe5 10. Nxe5 Bxe5
11. a3 Bxh2+ 12. Kf2 Qg3#
0-1

[Event "Bird's Opening Thematic!"]
[Site "SchemingMind.com"]
[Date "2018.04.13"]
[Round "-"]
[White "Johnny Owens"]
[Black "Shanks"]
[Result "1-0"]
[WhiteCountry "USA"]
[BlackCountry "ENG"]
[WhiteElo "2197"]
[WhiteRD "64"]
[BlackElo "1370"]
[BlackRD "72"]
[GameID "426920"]

1. f4 d5 2. Nf3 e6 3. b3 Nc6 4. e3 f5 5. a3 Nf6 6. Bb2 Ne4 7. c4 dxc4 8. Bxc4 Bd7 9. O-O Be7 10. Bxg7 Bf6
11. Bxh8 Bxh8 12. d4 Ne7 13. Nbd2 Nxd2 14. Qxd2 Ng6 15. Rae1 c6 16. e4 Qc7 17. exf5 Nf8 18. fxe6 Nxe6 19. f5 O-O-O 20. fxe6 Be8
21. e7 Rd6 22. Qg5 a6 23. Qg8 Bxd4+ 24. Nxd4 Qd7 25. Rf8 Kb8 26. Rxe8+ Ka7 27. Ra8+ Kb6 28. b4 c5 29. Qb8 cxd4 30. Rxa6#
1-0

[Event "Bird's Opening Thematic!"]
[Site "SchemingMind.com"]
[Date "2018.04.15"]
[Round "-"]
[White "Shanks"]
[Black "flyinduck"]
[Result "0-1"]
[WhiteCountry "ENG"]
[BlackCountry "CAN"]
[WhiteElo "1360"]
[WhiteRD "70"]
[BlackElo "2086"]
[BlackRD "62"]
[GameID "427005"]

1. f4 e5 2. fxe5 d6 3. Nf3 dxe5 4. e4 Nc6 5. d3 Bc5 6. Bg5 f6 7. Bh4 Nge7 8. c3 Be6 9. b4 Bb6 10. b5 Nb8
11. Be2 Nd7 12. Nfd2 Nc5 13. O-O Nxd3+ 14. Kh1 Qd7 15. c4 O-O-O 16. Nc3 Nb2 17. Qc2 Qxd2 18. Qxd2 Rxd2 19. Rfe1 g5 20. Bg3 h5
21. Nb1 Rd7 22. Nc3 h4 23. Bxh4 gxh4 24. Bf3 Nxc4 25. h3 Nd2 26. Bd1 Rg8 27. a4 Rd3 28. Ne2 Bxh3 29. gxh3 Rxh3#
0-1

[Event "Bird's Opening Thematic!"]
[Site "SchemingMind.com"]
[Date "2018.04.19"]
[Round "-"]
[White "flyinduck"]
[Black "Shanks"]
[Result "1-0"]
[WhiteCountry "CAN"]
[BlackCountry "ENG"]
[WhiteElo "2108"]
[WhiteRD "61"]
[BlackElo "1370"]
[BlackRD "72"]
[GameID "427006"]

1. f4 d5 2. Nf3 e6 3. g3 Nf6 4. Bg2 Nc6 5. O-O Bc5+ 6. d4 Be7 7. c3 O-O 8. Ne5 Nb8 9. Nd2 c6 10. e4 dxe4
11. Nxe4 Nd5 12. c4 Nc7 13. Be3 f6 14. Nf3 f5 15. Nc3 Bd7 16. Ne5 Bc8 17. Qc2 Ne8 18. Rad1 Na6 19. a3 Nf6 20. b4 Qe8
21. Bf3 Bd6 22. Rfe1 Bxe5 23. dxe5 Nd7 24. Rd6 Nab8 25. Red1 Rf7 26. Qb3 g6 27. c5 a6= 28. Rxe6 Qf8 29. Red6 a5 30. e6 Rf6
31. exd7+ Kg7 32. dxc8=Q Qxc8 33. Bd4 Nd7 34. Rxd7+ Kh6 35. Bxf6 a4 36. Bg5#
1-0

[Event "Bird's Opening Thematic!"]
[Site "SchemingMind.com"]
[Date "2018.04.19"]
[Round "-"]
[White "flyinduck"]
[Black "Nirvana"]
[Result "1-0"]
[WhiteCountry "CAN"]
[BlackCountry "ALG"]
[WhiteElo "2108"]
[WhiteRD "61"]
[BlackElo "1146"]
[BlackRD "89"]
[GameID "427007"]

1. f4 c5 2. Nf3 d5 3. g3 Bg4 4. Bg2 Nf6 5. O-O Nc6 6. d3 e6 7. Nc3 Bxf3 8. Bxf3 Be7 9. e4 dxe4 10. dxe4 Qxd1
11. Bxd1 O-O 12. Be3 a6 13. e5 Nd7 14. Ne4 b5 15. c3 c4 16. Bf3 Rac8 17. Rfd1 Rfd8 18. a4 Rb8 19. axb5
1-0

[Event "Bird's Opening Thematic!"]
[Site "SchemingMind.com"]
[Date "2018.04.15"]
[Round "-"]
[White "Nirvana"]
[Black "flyinduck"]
[Result "0-1"]
[WhiteCountry "ALG"]
[BlackCountry "CAN"]
[WhiteElo "1146"]
[WhiteRD "89"]
[BlackElo "2108"]
[BlackRD "61"]
[GameID "427008"]

1. f4 e5 2. e3 exf4 3. exf4 d5 4. d4 Bd6 5. Nc3 c6 6. g3 Nf6 7. Bg2 O-O 8. Nf3 Bg4 9. O-O Ne4 10. h3 Bxf3
11. Qxf3 f5 12. Nxe4 fxe4 13. Qg4 Qf6 14. a3 Qxd4+ 15. Kh2 Qf6 16. c3 Na6 17. Be3 Rad8 18. Bxa7 Bc5 19. Bxc5 Nxc5 20. Qe2 g5
21. fxg5 Qxg5
0-1

[Event "Bird's Opening Thematic!"]
[Site "SchemingMind.com"]
[Date "2018.04.19"]
[Round "-"]
[White "flyinduck"]
[Black "Johnny Owens"]
[Result "0-1"]
[WhiteCountry "CAN"]
[BlackCountry "USA"]
[WhiteElo "2084"]
[WhiteRD "62"]
[BlackElo "2252"]
[BlackRD "63"]
[GameID "427009"]

1. f4 d5 2. Nf3 Nf6 3. g3 g6 4. Bg2 Bg7 5. O-O O-O 6. d3 Nc6 7. c3 b6 8. a4 Bb7 9. Na3 Re8 10. b4 e6
11. Qc2 Ne7 12. Ne5 Rc8 13. e4 c5 14. bxc5 bxc5 15. Rb1 Ba8 16. h3 c4 17. exd5 exd5 18. Be3 Nf5 19. Bf2 Nh5 20. Kh2 Nhxg3
21. Bxg3 Nxg3 22. Kxg3 cxd3 23. Qxd3 Rxe5 24. fxe5 Bxe5+ 25. Kf2 Rxc3 26. Qxc3 Bxc3 27. Kg1 Bd4+ 28. Kh1 Bc5 29. Rb3 d4 30. Nb1 Bxg2+
31. Kxg2 d3 32. Nd2 Qd5+ 33. Rf3 Qg5+
0-1

[Event "Bird's Opening Thematic!"]
[Site "SchemingMind.com"]
[Date "2018.04.15"]
[Round "-"]
[White "Johnny Owens"]
[Black "flyinduck"]
[Result "1-0"]
[WhiteCountry "USA"]
[BlackCountry "CAN"]
[WhiteElo "2197"]
[WhiteRD "64"]
[BlackElo "2108"]
[BlackRD "61"]
[GameID "427010"]

1. f4 e5 2. e4 exf4 3. Nf3 d6 4. d4 g5 5. g3 g4 6. Nh4 f3 7. Nc3 Be7 8. Be3 Nf6 9. Qd3 c5 10. e5 dxe5
11. dxe5 Qxd3 12. Bxd3 Nh5 13. Nf5 Bxf5 14. Bxf5 Rg8 15. Nb5 Na6 16. Rd1 Rd8 17. Kf2 Bg5 18. Rxd8+ Kxd8 19. Rd1+ Ke8 20. Rd7 Bxe3+
21. Kxe3
1-0

[Event "Bird's Opening Thematic!"]
[Site "SchemingMind.com"]
[Date "2018.04.29"]
[Round "-"]
[White "Shanks"]
[Black "kenneth m day"]
[Result "0-1"]
[WhiteCountry "ENG"]
[BlackCountry "USA"]
[WhiteElo "1355"]
[WhiteRD "69"]
[BlackElo "1722"]
[BlackRD "59"]
[GameID "427696"]

1. f4 e5 2. fxe5 d6 3. Nf3 Nc6 4. d4 dxe5 5. d5 e4 6. Ng1 Ne5 7. c3 Nf6 8. e3 Bc5 9. b4 Be7 10. h3 O-O
11. Ne2 Bf5 12. Ng3 Bg6 13. a4 Nxd5 14. Qd2 Bh4 15. Qf2 Qg5 16. Bc4 Nxc4 17. O-O Bxg3 18. Qc2 Nf6 19. a5 Nd5 20. Qe2 Nd6
21. Ba3 Bh5 22. c4 Bxe2 23. cxd5 Qxe3+ 24. Kh1 Bxf1
0-1

[Event "Bird's Opening Thematic!"]
[Site "SchemingMind.com"]
[Date "2018.04.29"]
[Round "-"]
[White "kenneth m day"]
[Black "Shanks"]
[Result "1-0"]
[WhiteCountry "USA"]
[BlackCountry "ENG"]
[WhiteElo "1722"]
[WhiteRD "59"]
[BlackElo "1355"]
[BlackRD "69"]
[GameID "427697"]

1. f4 d5 2. Nf3 c6 3. Nc3 d4 4. Ne4 f5 5. Ng3 e6 6. d3 Nf6 7. e3 dxe3 8. Bxe3 Nd5 9. Bd2 Nd7 10. Qe2 Qe7
11. O-O-O N7b6 12. Re1 Nc7 13. Bc3 Nbd5 14. Be5 Na6 15. Qd2 Ndb4 16. Kb1 c5 17. a3 Nc6 18. Bc3 Bd7 19. Nxf5 Qf7 20. Bxg7 Bxg7
21. Nd6+ Kf8 22. Nxf7 Kxf7 23. Ne5+ Nxe5 24. fxe5 Ke8 25. Qg5 Kf8 26. Be2 b6 27. Rhf1+ Kg8 28. Qe7 Bc8 29. Qf7#
1-0

[Event "Bird's Opening Thematic!"]
[Site "SchemingMind.com"]
[Date "2018.05.03"]
[Round "-"]
[White "kenneth m day"]
[Black "flyinduck"]
[Result "0-1"]
[WhiteCountry "USA"]
[BlackCountry "CAN"]
[WhiteElo "1756"]
[WhiteRD "61"]
[BlackElo "2108"]
[BlackRD "61"]
[GameID "427698"]

1. f4 e5 2. fxe5 d6 3. Nf3 dxe5 4. e4 Bg4 5. Be2 Bxf3 6. Bxf3 Bc5 7. Nc3 Nc6 8. d3 Nge7 9. b3 O-O 10. Bb2 Ng6
11. Qd2 Nh4 12. O-O-O Nxf3 13. gxf3 a5 14. Nd5 a4 15. b4 a3 16. Bc3 Bd4 17. b5 Bxc3 18. Nxc3 Nd4 19. Qe3 c6 20. bxc6 bxc6
21. Ne2 Qb6 22. Nxd4 exd4 23. Qf2 Qb4 24. Qg3 Rab8 25. Rhg1 g6 26. Qf2 Qc3 27. h4 Rb1+
0-1

[Event "Bird's Opening Thematic!"]
[Site "SchemingMind.com"]
[Date "2018.05.03"]
[Round "-"]
[White "flyinduck"]
[Black "kenneth m day"]
[Result "1-0"]
[WhiteCountry "CAN"]
[BlackCountry "USA"]
[WhiteElo "2108"]
[WhiteRD "61"]
[BlackElo "1756"]
[BlackRD "61"]
[GameID "427699"]

1. f4 e5 2. fxe5 d6 3. exd6 Bxd6 4. Nf3 Nf6 5. d4 O-O 6. Bg5 Re8 7. Nc3 Nbd7 8. e4 Be7 9. e5 Bb4 10. Be2 h6
11. Bh4 g5 12. Nxg5 Nxe5 13. dxe5 Qxd1+ 14. Rxd1 Rxe5 15. Nf3 Bxc3+ 16. bxc3 Re6 17. Nd4 Rd6 18. O-O Nd5 19. Nb5 Ne3 20. Nxd6 cxd6
21. Rxd6 Nxf1 22. Rd8+ Kg7 23. Bxf1
1-0

[Event "Bird's Opening Thematic!"]
[Site "SchemingMind.com"]
[Date "2018.04.30"]
[Round "-"]
[White "kenneth m day"]
[Black "Nirvana"]
[Result "1-0"]
[WhiteCountry "USA"]
[BlackCountry "ALG"]
[WhiteElo "1756"]
[WhiteRD "61"]
[BlackElo "1146"]
[BlackRD "89"]
[GameID "427700"]

1. f4 c5 2. e4 Nc6 3. Nc3 g6 4. Nf3 Bg7 5. Bc4 Nf6 6. O-O O-O 7. d3 d6 8. Bd2 Bg4 9. Be3 Bxf3 10. Qxf3 Nb4
11. Bb3 Nd7 12. a3 Nc6 13. Qh3 e6 14. Rf3 Na5 15. Ba2 Bxc3 16. bxc3 Qf6 17. d4 h5 18. Raf1 cxd4 19. cxd4 Nb6 20. Rg3 Kh7
21. c3 Nbc4 22. Bc1 Rac8 23. f5 Qg7 24. Qh4 d5 25. fxg6+ fxg6 26. exd5 Rxf1+ 27. Kxf1
1-0

[Event "Bird's Opening Thematic!"]
[Site "SchemingMind.com"]
[Date "2018.04.30"]
[Round "-"]
[White "Nirvana"]
[Black "kenneth m day"]
[Result "0-1"]
[WhiteCountry "ALG"]
[BlackCountry "USA"]
[WhiteElo "1326"]
[WhiteRD "118"]
[BlackElo "1726"]
[BlackRD "61"]
[GameID "427701"]

1. f4 e5 2. e4 exf4 3. d4 Qh4+ 4. Ke2 Qe7 5. e5 d6 6. Nf3 Nf6 7. Nc3 Bg4 8. h3 Bh5 9. Ke1 Nbd7 10. Bxf4 O-O-O
11. Be2 dxe5 12. Nxe5 Bxe2 13. Qxe2 Nb6 14. Qe3 h6 15. Nb5 Nfd5 16. Qf2 f6 17. Nxa7+ Kb8 18. Nb5 fxe5 19. dxe5 Qb4+ 20. Nc3 Nxc3
21. Bd2 Qxb2 22. Rc1 Ne4 23. Qe2 Ng3 24. Qe3 Nxh1
0-1

[Event "Bird's Opening Thematic!"]
[Site "SchemingMind.com"]
[Date "2018.04.29"]
[Round "-"]
[White "kenneth m day"]
[Black "Johnny Owens"]
[Result "0-1"]
[WhiteCountry "USA"]
[BlackCountry "USA"]
[WhiteElo "1756"]
[WhiteRD "61"]
[BlackElo "2197"]
[BlackRD "64"]
[GameID "427702"]

1. f4 d5 2. Nf3 Nf6 3. e3 g6 4. d4 Bg7 5. Bd3 O-O 6. Nbd2 c5 7. c3 b6 8. Ne5 Ba6 9. Ndf3 Ne4 10. Qe2 Bxd3
11. Nxd3 Nd7 12. Nd2 Rc8 13. Nf2 Nxf2 14. Qxf2 b5 15. Nf3 Nf6 16. Bd2 Ne4 17. O-O-O Nxf2
0-1

[Event "Bird's Opening Thematic!"]
[Site "SchemingMind.com"]
[Date "2018.04.29"]
[Round "-"]
[White "Johnny Owens"]
[Black "kenneth m day"]
[Result "1-0"]
[WhiteCountry "USA"]
[BlackCountry "USA"]
[WhiteElo "2197"]
[WhiteRD "64"]
[BlackElo "1756"]
[BlackRD "61"]
[GameID "427703"]

1. f4 e5 2. e4 exf4 3. Nf3 g5 4. Nc3 Nc6 5. h3 Bg7 6. d4 Bh6 7. d5 Nce7 8. d6 cxd6 9. Qxd6 Nc6 10. Nd5 Qa5+
11. Bd2 Qa4 12. Nc7+ Kd8 13. Nxa8 Qxc2 14. Nxg5 Bxg5 15. Qf8#
1-0

[Event "Bird's Opening Thematic!"]
[Site "SchemingMind.com"]
[Date "2018.04.29"]
[Round "-"]
[White "Shanks"]
[Black "Robert Bruce"]
[Result "0-1"]
[WhiteCountry "ENG"]
[BlackCountry "SCO"]
[WhiteElo "1355"]
[WhiteRD "69"]
[BlackElo "2285"]
[BlackRD "69"]
[GameID "427707"]

1. f4 g5 2. d3 gxf4 3. Bxf4 Bg7 4. c3 e5 5. Bg3 d5 6. Nf3 Nc6 7. Nfd2 d4 8. c4 Nh6 9. Ne4 f5 10. Ned2 Ng4
11. Nf3 e4 12. dxe4 fxe4 13. Nxd4 Bxd4 14. Qc1 Qf6 15. Nd2 Bf2+ 16. Bxf2 Qxf2+ 17. Kd1 Ne3#
0-1

[Event "Bird's Opening Thematic!"]
[Site "SchemingMind.com"]
[Date "2018.04.29"]
[Round "-"]
[White "Robert Bruce"]
[Black "Shanks"]
[Result "1-0"]
[WhiteCountry "SCO"]
[BlackCountry "ENG"]
[WhiteElo "2282"]
[WhiteRD "68"]
[BlackElo "1360"]
[BlackRD "70"]
[GameID "427708"]

1. f4 d5 2. c4 d4 3. Nf3 Nc6 4. g3 e6 5. e4 dxe3 6. d4 Bb4+ 7. Nc3 Nge7 8. Bxe3 Nf5 9. Bf2 O-O 10. Qd3 Bd6
11. O-O-O Nb4 12. Qe2 Re8 13. Bh3 Ne7 14. a3 Nbc6 15. c5 Bxf4+ 16. gxf4 Ng6 17. Ne5 Nxf4 18. Qf3 Nxh3 19. Qxf7+ Kh8 20. Bh4 g5
21. Nxc6 bxc6 22. Bg3 g4 23. Be5+ Qf6 24. Bxf6#
1-0

[Event "Bird's Opening Thematic!"]
[Site "SchemingMind.com"]
[Date "2018.04.29"]
[Round "-"]
[White "kenneth m day"]
[Black "Robert Bruce"]
[Result "0-1"]
[WhiteCountry "USA"]
[BlackCountry "SCO"]
[WhiteElo "1726"]
[WhiteRD "61"]
[BlackElo "2282"]
[BlackRD "68"]
[GameID "427709"]

1. f4 Nf6 2. Nf3 g6 3. Nc3 d5 4. e3 Bg7 5. g3 c5 6. Bg2 Nc6 7. O-O Bg4 8. d3 O-O 9. Bd2 d4 10. exd4 cxd4
11. Ne4 Nxe4 12. dxe4 Qb6 13. Rb1 Rfd8 14. Qe2 d3+ 15. Qe3 dxc2 16. Rbc1 Bxf3 17. Qxb6 Rxd2 18. Qxb7 Bd4+
0-1

[Event "Bird's Opening Thematic!"]
[Site "SchemingMind.com"]
[Date "2018.04.29"]
[Round "-"]
[White "Robert Bruce"]
[Black "kenneth m day"]
[Result "1-0"]
[WhiteCountry "SCO"]
[BlackCountry "USA"]
[WhiteElo "2312"]
[WhiteRD "67"]
[BlackElo "1756"]
[BlackRD "61"]
[GameID "427710"]

1. f4 e5 2. fxe5 d6 3. exd6 Bxd6 4. Nf3 Nc6 5. d4 Nf6 6. Bg5 O-O 7. Nc3 Re8 8. e3 Bg4 9. Bc4 h6 10. Bxf6 Qxf6
11. O-O Rxe3 12. Nd5 Qe6 13. Nxe3 Qxe3+ 14. Kh1 Rd8 15. Bxf7+ Kh8 16. Qe1 Qf4 17. Ne5 Qxd4 18. Nxc6 bxc6 19. Qh4 Rf8 20. Rae1 Bc5
21. b4 Bxb4 22. Bh5 Rxf1+ 23. Rxf1
1-0

[Event "Bird's Opening Thematic!"]
[Site "SchemingMind.com"]
[Date "2018.05.04"]
[Round "-"]
[White "Robert Bruce"]
[Black "flyinduck"]
[Result "1-0"]
[WhiteCountry "SCO"]
[BlackCountry "CAN"]
[WhiteElo "2312"]
[WhiteRD "67"]
[BlackElo "2108"]
[BlackRD "61"]
[GameID "427711"]

1. f4 e5 2. fxe5 d6 3. Nf3 dxe5 4. Nc3 Bd6 5. d4 exd4 6. Qxd4 Nf6 7. Bg5 Nbd7 8. O-O-O O-O 9. e4 h6 10. Bh4 g5
11. e5 Bc5 12. Qc4 gxh4 13. exf6 Qxf6 14. Rxd7 Be3+ 15. Rd2 Be6 16. Qe2 Bxd2+ 17. Qxd2 Rad8 18. Ne4 Qg6 19. Bd3 Bf5 20. Nxh4
1-0

[Event "Bird's Opening Thematic!"]
[Site "SchemingMind.com"]
[Date "2018.05.04"]
[Round "-"]
[White "flyinduck"]
[Black "Robert Bruce"]
[Result "0-1"]
[WhiteCountry "CAN"]
[BlackCountry "SCO"]
[WhiteElo "2084"]
[WhiteRD "62"]
[BlackElo "2334"]
[BlackRD "66"]
[GameID "427712"]

1. f4 e5 2. fxe5 d6 3. exd6 Bxd6 4. Nf3 g5 5. g3 g4 6. Nh4 Be7 7. Ng2 h5 8. d4 h4 9. Bf4 hxg3 10. Bxg3 Bd6
11. Nf4 Nf6 12. Nc3 Bxf4 13. Bxf4 Nh5 14. e3 Qh4+ 15. Kd2 Nxf4 16. exf4 Nc6 17. Qe1+ Be6 18. Qxh4 Rxh4 19. d5 O-O-O 20. Rd1 Bxd5
21. Nxd5 Rxd5+ 22. Bd3 Nb4 23. a3 Nxd3 24. cxd3 Rdh5 25. Rdg1 Rxh2+ 26. Rxh2 Rxh2+ 27. Ke3 f5 28. b4 Kd7 29. Rc1 c6 30. b5 Rh3+
31. Kd4 Kd6 32. bxc6 bxc6
0-1

[Event "Bird's Opening Thematic!"]
[Site "SchemingMind.com"]
[Date "2018.04.30"]
[Round "-"]
[White "Robert Bruce"]
[Black "Nirvana"]
[Result "1-0"]
[WhiteCountry "SCO"]
[BlackCountry "ALG"]
[WhiteElo "2312"]
[WhiteRD "67"]
[BlackElo "1146"]
[BlackRD "89"]
[GameID "427713"]

1. f4 c5 2. b3 Nc6 3. e3 d5 4. Nf3 Bg4 5. Be2 Nf6 6. O-O e6 7. Ne5 Bxe2 8. Qxe2 Bd6 9. Bb2 Bxe5 10. fxe5 Nd7
11. d4 O-O 12. c3 cxd4 13. exd4 f6 14. exf6 Rxf6 15. Na3 a6 16. Nc2 Rxf1+ 17. Rxf1 Nf6 18. Qxe6+
1-0

[Event "Bird's Opening Thematic!"]
[Site "SchemingMind.com"]
[Date "2018.04.30"]
[Round "-"]
[White "Nirvana"]
[Black "Robert Bruce"]
[Result "0-1"]
[WhiteCountry "ALG"]
[BlackCountry "SCO"]
[WhiteElo "1146"]
[WhiteRD "89"]
[BlackElo "2312"]
[BlackRD "67"]
[GameID "427714"]

1. f4 c5 2. Nf3 g6 3. e4 Bg7 4. Bc4 e6 5. O-O Nc6 6. e5 Nge7 7. Nc3 d6 8. d3 O-O 9. a3 b6 10. Bb5 dxe5
11. fxe5 Nxe5 12. Nxe5 Bxe5 13. Ne4 Nf5 14. Bc6 Rb8 15. Bf4 Bxf4 16. Rxf4 Qc7 17. Rxf5 gxf5 18. Nf6+ Kg7
0-1

[Event "Bird's Opening Thematic!"]
[Site "SchemingMind.com"]
[Date "2018.04.29"]
[Round "-"]
[White "Robert Bruce"]
[Black "Johnny Owens"]
[Result "1-0"]
[WhiteCountry "SCO"]
[BlackCountry "USA"]
[WhiteElo "2334"]
[WhiteRD "66"]
[BlackElo "2252"]
[BlackRD "63"]
[GameID "427715"]

1. f4 d5 2. Nf3 Nf6 3. e3 c5 4. d3 g6 5. c4 Bg7 6. Na3 O-O 7. Be2 Nc6 8. O-O a6 9. Bd2 d4 10. e4 Nxe4
11. dxe4 d3 12. Bc3 dxe2 13. Qxe2 Nd4 14. Qd3 f6 15. Rad1 e5 16. Nc2 Bg4 17. Ne3 Bxf3 18. gxf3 exf4 19. Nd5 f5 20. Rde1 Qg5+
21. Kh1 Rae8 22. b4 Nc6 23. Bxg7 Kxg7 24. Qc3+ Re5 25. bxc5
1-0

[Event "Bird's Opening Thematic!"]
[Site "SchemingMind.com"]
[Date "2018.04.29"]
[Round "-"]
[White "Johnny Owens"]
[Black "Robert Bruce"]
[Result "0-1"]
[WhiteCountry "USA"]
[BlackCountry "SCO"]
[WhiteElo "2197"]
[WhiteRD "64"]
[BlackElo "2312"]
[BlackRD "67"]
[GameID "427716"]

1. f4 d5 2. Nf3 g6 3. e3 c5 4. Bb5+ Nd7 5. c4 e6 6. Qc2 dxc4 7. Nc3 Bg7 8. Ne4 a6 9. Bxd7+ Qxd7 10. Nxc5 Qd5
11. Na4 Qc6 12. d4 cxd3 13. Qxc6+ bxc6 14. Nc5 Nf6 15. Bd2 Nd7
0-1

[Event "Bird's Opening Thematic!"]
[Site "SchemingMind.com"]
[Date "2018.05.13"]
[Round "-"]
[White "Kenny Elliott"]
[Black "Shanks"]
[Result "0-1"]
[WhiteCountry "USA"]
[BlackCountry "ENG"]
[WhiteElo "1503"]
[WhiteRD "69"]
[BlackElo "1360"]
[BlackRD "70"]
[GameID "428163"]

1. f4 e6 2. e4 c5 3. Nf3 Nc6 4. Bb5 Nd4 5. Nxd4 cxd4 6. c3 dxc3 7. dxc3 a6 8. Be2 h6 9. O-O Bc5+ 10. Kh1 Ne7
11. b4 Bb6 12. Bb2 O-O 13. f5 exf5 14. exf5 f6 15. Bc4+ Kh8 16. Qh5 d5 17. Bb3 Bd7 18. c4 dxc4 19. Bxc4 Bc6 20. Na3 Bc7
21. Rad1 Qc8 22. Be6 Qb8 23. Rfe1 b5 24. Rf1 Qb7 25. Qh3 a5 26. Bc1 Bxg2+ 27. Qxg2 Qxg2+ 28. Kxg2 axb4 29. Nxb5 Be5 30. Rd7 Nc6
31. Bd5 Rac8 32. Bf4 Bxf4 33. Rxf4 Nb8 34. Rxb4 Rc2+ 35. Kh3 Nxd7 36. Be6 Ne5 37. a4 Re2 38. a5 Re3+ 39. Kg2 Re2+ 40. Kg1 Nf3+
41. Kh1 Rxh2#
0-1

[Event "Bird's Opening Thematic!"]
[Site "SchemingMind.com"]
[Date "2018.05.13"]
[Round "-"]
[White "Shanks"]
[Black "Kenny Elliott"]
[Result "1-0"]
[WhiteCountry "ENG"]
[BlackCountry "USA"]
[WhiteElo "1370"]
[WhiteRD "72"]
[BlackElo "1516"]
[BlackRD "72"]
[GameID "428164"]

1. f4 f5 2. e3 Nf6 3. g3 e6 4. Bg2 d5 5. Nf3 Nc6 6. d4 Bd6 7. O-O O-O 8. Nc3 a6 9. Ng5 h6 10. Nf3 Bb4
11. Ne2 Ne4 12. c3 Ba5 13. a3 Ne7 14. b4 Bb6 15. Bb2 c6 16. Ne5 Bc7 17. Rc1 b6 18. c4 Bxe5 19. dxe5 c5 20. cxd5 Nxd5
21. bxc5 Nxe3 22. Qb3 Nxf1 23. Rxf1 a5 24. c6 Qc7 25. Rc1 Rb8 26. Qb5 Ra8 27. a4 Ba6 28. Qb3 Bxe2 29. Qxe6+ Rf7 30. Qa2 Bh5
31. e6 Rf6 32. Bxf6 gxf6 33. Bf1 Re8 34. Qa1 Kg7 35. Bh3 Kg6 36. Qa2 Nc5 37. Qd5 Bg4 38. Bf1 Rxe6 39. Bb5 Rd6 40. Qa2 Bf3
41. Kf2 Bxc6 42. Bxc6 Rxc6 43. Kg2 Ne4 44. Qg8+ Kh5 45. Qe8+
1-0

[Event "Bird's Opening Thematic!"]
[Site "SchemingMind.com"]
[Date "2018.05.13"]
[Round "-"]
[White "Kenny Elliott"]
[Black "kenneth m day"]
[Result "0-1"]
[WhiteCountry "USA"]
[BlackCountry "USA"]
[WhiteElo "1528"]
[WhiteRD "70"]
[BlackElo "1722"]
[BlackRD "59"]
[GameID "428165"]

1. f4 e5 2. fxe5 d6 3. exd6 Bxd6 4. d4 Qh4+ 5. g3 Bxg3+ 6. hxg3 Qxh1 7. Nf3 Bh3 8. Nbd2 Nd7 9. b3 Ngf6 10. Bb2 O-O-O
11. c4 Rhe8 12. Ne5 Nxe5 13. dxe5 Ne4
0-1

[Event "Bird's Opening Thematic!"]
[Site "SchemingMind.com"]
[Date "2018.05.13"]
[Round "-"]
[White "kenneth m day"]
[Black "Kenny Elliott"]
[Result "1-0"]
[WhiteCountry "USA"]
[BlackCountry "USA"]
[WhiteElo "1726"]
[WhiteRD "61"]
[BlackElo "1503"]
[BlackRD "69"]
[GameID "428166"]

1. f4 d5 2. Nf3 Nc6 3. e3 Bg4 4. Be2 e6 5. O-O Bc5 6. Nc3 Bxf3 7. Bxf3 Nge7 8. b3 Qd7 9. Bb2 O-O-O 10. a3 d4
11. Ne4 Bb6 12. Kh1 dxe3 13. dxe3 Nf5 14. Bd4 Ncxd4 15. exd4 Ne3 16. Qd3 Bxd4 17. Rad1 Nxf1 18. Qxf1 Qe7 19. Qc4 Bb6 20. Re1 Qxa3
21. Nc3 Ba5 22. h3 Bxc3 23. Qxc3 Rd6 24. Qxg7 Rhd8 25. Qxf7 Qb2 26. Qxh7 Rd2 27. Rxe6 Qc1+ 28. Kh2 Rxc2 29. Qf5 Rc5 30. Re5+ Kb8
31. Rxc5 Qe3 32. Rd5 Qe8 33. Re5 Qh8 34. Qe4 c6 35. Rb5 Qf6 36. Qe5+ Qd6 37. Qxd6+ Rxd6 38. Re5 Kc7 39. f5 Rf6 40. g4 Kd6
41. Re3 b5 42. Kg3 a5 43. Bd1 c5 44. Kf4 Kd5 45. g5 Rf8 46. h4 Kd4 47. Re5 a4 48. bxa4 b4 49. h5 Kc3 50. Rxc5+ Kd4
51. Rc7 Rb8 52. Bb3
1-0